ROBERT MC BRIDE, Molière et son premier Tartuffe : genèse et évolution d’une pièce à scandale. University of Durham, 2005. Un vol. 19 x 13 de 271 p. (notice n° 1654325)
[ vue normale ]
| 000 -LEADER | |
|---|---|
| fixed length control field | 01623cam a2200157 4500500 |
| 005 - DATE AND TIME OF LATEST TRANSACTION | |
| control field | 20260208005916.0 |
| 041 ## - LANGUAGE CODE | |
| Language code of text/sound track or separate title | fre |
| 042 ## - AUTHENTICATION CODE | |
| Authentication code | dc |
| 100 10 - MAIN ENTRY--PERSONAL NAME | |
| Personal name | Collinet, Jean-Pierre |
| Relator term | author |
| 245 00 - TITLE STATEMENT | |
| Title | ROBERT MC BRIDE, Molière et son premier Tartuffe : genèse et évolution d’une pièce à scandale. University of Durham, 2005. Un vol. 19 x 13 de 271 p. |
| 260 ## - PUBLICATION, DISTRIBUTION, ETC. | |
| Date of publication, distribution, etc. | 2007.<br/> |
| 500 ## - GENERAL NOTE | |
| General note | 66 |
| 520 ## - SUMMARY, ETC. | |
| Summary, etc. | La correspondance entre Victor Hugo et l’érudit suédois Bernhard von Beskow, ainsi que les manuscrits de Hugo conservés dans différents fonds suédois, forment un ensemble de documents qui, pour être bien compris, nécessitent un regard sur les relations culturelles entre la France et la Suède au XIXe siècle. Les lettres retrouvées datent des années 1844-45 et 1865, mais les contacts entre Hugo et Beskow remontent à l’année 1827. Ils furent suivis du lancement de Victor Hugo dans la presse suédoise peu de temps après, notamment avec la publication avant l’heure d’un fragment du poème « Lui » des Orientales dans la revue Heimdall en juillet 1828. Grâce à ses contacts avec Beskow, Hugo obtint du roi Oscar Ier la prestigieuse croix de l’ordre de l’Étoile polaire, et les échanges épistolaires entre les deux hommes permettent d’entrevoir les étapes d’une relation plus mondaine que littéraire fondée sur une sympathie mutuelle. |
| 786 0# - DATA SOURCE ENTRY | |
| Note | Revue d'histoire littéraire de la France | 107 | 3 | 2007-09-01 | p. 629y-688y | 0035-2411 |
| 856 41 - ELECTRONIC LOCATION AND ACCESS | |
| Uniform Resource Identifier | <a href="https://shs.cairn.info/revue-d-histoire-litteraire-de-la-france-2007-3-page-629y?lang=fr&redirect-ssocas=7080">https://shs.cairn.info/revue-d-histoire-litteraire-de-la-france-2007-3-page-629y?lang=fr&redirect-ssocas=7080</a> |
Pas d'exemplaire disponible.




Réseaux sociaux